000 00216nam a22000857a 4500
008 161217b xxu||||| |||| 00| 0 eng d
100 _92103
_aDev A et al
245 _aModern INdain History
260 _aNew Delhi
_bAPC
_c2011
999 _c4986
_d4986